| 000 | 00404nam a2200157 a 4500 | ||
|---|---|---|---|
| 005 | 20140412111255.0 | ||
| 008 | 010423s19uu xx 00 eng d | ||
| 050 |
_aTR(PS E _bHa11 1984 |
||
| 100 | _aZion, Gene | ||
| 245 |
_aHarry the dirty dog / _cGene Zion. |
||
| 260 | _bHarperCollins. | ||
| 300 | _a`v. (unp.) ; ill. | ||
| 650 | _aDogs - Stories | ||
| 650 | _aChildren's stories | ||
| 999 |
_c103226 _d103226 |
||